000
00304nam a22001337a 4500
008
170919b xxu||||| |||| 00| 0 eng d
020
_a
400703571461
041
_a
eng
080
_a
7
100
_a
44
101
_a
ART
245
_a
DRAWING ON THE RIGHT SIDE OF THE BRAIN
_c
EDWARDS,B
942
_2
udc
_c
BK
999
_c
28152
_d
28152